000 00552nam a2200205 a 4500
001 BS0001315
003 BR-BrBNA
005 20230926165632.0
008 230308b |||||||| |||| 00| 0 por d
040 _aBR-BrBNA
_bpor
_cBiblioteca Nacional de Agricultura
041 _apor
072 _aS86
090 _aS86
_bBS0001315
100 1 _aBerto, Luiz.
245 1 _aA prisão de São Benedito e outras histórias /
260 3 _aBrasília:
_bEditora Independência,
_c1982.
300 _a123 p.
650 _aLITERATURA BRASILEIRA
942 _cBK
_2AGRIS
999 _c6372
_d6372